Applied statistics for business and economics : (Record no. 24367)
[ view plain ]
| 000 -LEADER | |
|---|---|
| fixed length control field | 00583nam a22001937a 4500 |
| 020 ## - INTERNATIONAL STANDARD BOOK NUMBER | |
| ISBN | 9780070703544 |
| 041 ## - LANGUAGE CODE | |
| Language code of text/sound track or separate title | English |
| 082 ## - DEWEY DECIMAL CLASSIFICATION NUMBER | |
| Classification number | 519.5 |
| Item number | WEB |
| 100 ## - MAIN ENTRY--AUTHOR NAME | |
| Author name | Webster Allen L. |
| 245 ## - TITLE STATEMENT | |
| Title | Applied statistics for business and economics : |
| Sub Title | an essentials version / |
| Statement of responsibility, etc | Allen L. Webster |
| 250 ## - EDITION STATEMENT | |
| Edition statement | 3 rd edition . |
| 260 ## - PUBLICATION, DISTRIBUTION, ETC. (IMPRINT) | |
| Place of publication | New Delhi : |
| Name of publisher | Mcgraw hill , |
| Year of publication | 2010. |
| 300 ## - PHYSICAL DESCRIPTION | |
| Number of Pages | xx, 604 pages : |
| Other physical details | illustrations ; |
| Dimensions | 24 cm. |
| 504 ## - BIBLIOGRAPHY, ETC. NOTE | |
| Bibliography, etc | Includes index. |
| 650 ## - SUBJECT ADDED ENTRY--TOPICAL TERM | |
| Subject | Commercial statistics. |
| 650 ## - SUBJECT ADDED ENTRY--TOPICAL TERM | |
| Subject | Economics |
| General subdivision | Statistical methods. |
| 942 ## - ADDED ENTRY ELEMENTS (KOHA) | |
| Source of classification or shelving scheme | Dewey Decimal Classification |
| Koha item type | Books |
| Withdrawn status | Lost status | Source of classification or shelving scheme | Damaged status | Not for loan | Home library | Current library | Shelving location | Date acquired | Full call number | Accession Number | Price effective from | Koha item type |
|---|---|---|---|---|---|---|---|---|---|---|---|---|
| Dewey Decimal Classification | Institute of Public Enterprise, Library | Institute of Public Enterprise, Library | S Campus | 07/01/2026 | 519.5 WEB | 51081 | 07/01/2026 | Books |

2cqr automation private limited, Chennai. All Rights Reserved.